| 000 -LEADER |
| fixed length control field |
00399nas a22001333u 4500 |
| 022 ## - INTERNATIONAL STANDARD SERIAL NUMBER |
| ISSN |
1020-458X |
| 040 ## - CATALOGING SOURCE |
| Transcribing agency |
WaSeSS |
| 082 ## - DEWEY DECIMAL CLASSIFICATION NUMBER |
| Classification number |
382 S.N 2011 A016 Or. |
| 245 10 - TITLE STATEMENT |
| Title |
Forest Products = Forest Products |
| 260 ## - PUBLICATION, DISTRIBUTION, ETC. (IMPRINT) |
| Place of publication |
[S.l.] : |
| Name of publisher |
[s.n.] |
| 500 ## - GENERAL NOTE |
| General note |
Title from content provider. |
| 856 40 - ELECTRONIC LOCATION AND ACCESS |
| Uniform Resource Identifier |
http://MY2VS8LV9P.search.serialssolutions.com/?V=1.0&L=MY2VS8LV9P&S=JCs&C=JC_022514882&T=marc |
| 942 ## - ADDED ENTRY ELEMENTS (KOHA) |
| Koha item type |
សៀវភៅភាសាអង់គ្លេស |
| 952 ## - LOCATION AND ITEM INFORMATION (KOHA) |
| Withdrawn status [LOCAL, KOHA] |
0 |